书目信息 |
| 题名: |
3DS MAX&Lightscape效果图质感光效渲染高级技法
|
|
| 作者: | 高志清 主编 ;林英 编著 | |
| 分册: | ||
| 出版信息: | 北京 中国水利水电出版社 2004.05 |
|
| 页数: | 196页, 4页图版 | |
| 开本: | 26cm | |
| 丛书名: | 电脑设计技能特训丛书 | |
| 单 册: | ||
| 中图分类: | TP391.41 | |
| 科图分类: | ||
| 主题词: | 图形软件 | |
| 电子资源: | ||
| ISBN: | 7-5084-2071-3 | |
| 000 | 01118nam 2200265 450 | |
| 001 | 0139427272 | |
| 005 | 20050719154247.59 | |
| 010 | @a7-5084-2071-3@dCNY28.00 (含光盘) | |
| 100 | @a20050205d2004 km y0chiy0120 ea | |
| 101 | 0 | @achi |
| 102 | @aCN@b110000 | |
| 105 | @aa z 000yy | |
| 200 | 1 | @a3DS MAX&Lightscape效果图质感光效渲染高级技法@A3DS MAX&Lightscape xiao guo tu zhi gan guang xiao xuan ran gao ji ji fa@f高志清主编@Fgao zhi qing zhu bian@g林英等编著@Glin ying deng bian zhu |
| 210 | @a北京@c中国水利水电出版社@d2004.05 | |
| 215 | @a196页, 4页图版@c图@d26cm@e光盘1片 | |
| 225 | 2 | @a电脑设计技能特训丛书 |
| 307 | @a光盘 ISBN : 7-89995-417-7 | |
| 330 | @a该书介绍了3DS MAX 与Lightscape两个软件的优点,以及如何在效果图的制作过程中,将两个软件有机地结合,相辅相成,将各自的长处发挥出来。书中从基本概念讲起,并对材质效果的简单实现到灯光光效的特殊处理,都进行了讲述。 | |
| 410 | 0 | @12001 @a电脑设计技能特训丛书 |
| 606 | 0 | @a图形软件 |
| 690 | @aTP391.41@v4 | |
| 701 | 0 | @a高志清@Agao zhi qing@4主编 |
| 702 | 0 | @a林英@Alin ying@4编著 |
| 801 | 0 | @aCN@bQSSK@c20050719 |
| 905 | @a10447@dTP391.41@eG215 | |
| 3DS MAX&Lightscape效果图质感光效渲染高级技法/高志清主编/林英等编著.-北京:中国水利水电出版社,2004.05 |
| 196页, 4页图版:图;26cm+光盘1片.-(电脑设计技能特训丛书) |
| ISBN 7-5084-2071-3:CNY28.00 (含光盘) |
| 该书介绍了3DS MAX 与Lightscape两个软件的优点,以及如何在效果图的制作过程中,将两个软件有机地结合,相辅相成,将各自的长处发挥出来。书中从基本概念讲起,并对材质效果的简单实现到灯光光效的特殊处理,都进行了讲述。 |
| ● |
| 相关链接 |
|
|
|
正题名:3DS MAX&Lightscape效果图质感光效渲染高级
索取号:TP391.41/G215
 
预约/预借
| 序号 | 登录号 | 条形码 | 馆藏地/架位号 | 状态 | 备注 |
| 1 | 525338 | 205253385 | 自科二线404/301自科库 62排6列5层/ [索取号:TP391.41/G215] | 在馆 | |
| 2 | 525339 | 205253394 | 自科库301/301自科库 96排1列3层/ [索取号:TP391.41/G215] | 在馆 | |
| 3 | 525340 | 205253401 | 自科库301/301自科库 96排1列3层/ [索取号:TP391.41/G215] | 在馆 |